| 000 | 00950cam a2200313Mi 4500 | ||
|---|---|---|---|
| 001 | 50390 | ||
| 005 | 20230411090002.0 | ||
| 008 | 070307s2007 sp 000 0 spa d | ||
| 035 | _a(OCoLC)ocn122937332 | ||
| 040 |
_aPL# _bspa _cPL# |
||
| 020 | _a8496576299 | ||
| 020 | _a9788496576292 | ||
| 029 | 0 |
_aPL# _b070003811 |
|
| 035 | _a(OCoLC)122937332 | ||
| 049 | _aGRAL | ||
| 100 | 1 | _aAlvarez, Juan Luis. | |
| 245 | 1 | 0 |
_aBogart & Bacall : _bdos estrellas y un destino / _cJuan Luis Alvarez. |
| 250 | _a1. ed. | ||
| 260 |
_aMadrid : _bT&B Editores, _c2007. |
||
| 300 |
_a383 p. : _bil. ; _c24 cm. |
||
| 500 | _aFilmografía. Teatro. Televisión. -- Indice. | ||
| 504 | _aBibliografía: p. [377]-378. | ||
| 653 | _aBogart, Humphrey. | ||
| 653 | _aBacall, Lauren. | ||
| 653 |
_aActores y actrices de cine _aEstados Unidos _aBiografías. |
||
| 938 |
_aPuvill Libros _bPUVL _n9788496576292 _c$33.36 |
||
| 942 |
_2lcc _cbk |
||
| 994 |
_aC0 _bDRFGD |
||
| 999 |
_c110436 _d110436 |
||